000 00671nam a2200205Ia 4500
001 11821
003 GE_BSU
008 181216s||||||||xx |||||||||||||| ||und||
040 _cGE_BSU
100 _aჩხარტიშვილი,შ.
245 _aზოგადი ემბრიოლოგიის მოკლე კურსი.
245 _cრედ:კ.დავიდოვა.
260 _aთბილისი
260 _bგანათლება
260 _c1987
300 _a108გვ;21სმ.
300 _bილ.
653 _aზოგადი ემბრიოლოგიის მოკლე კურსი.
942 _cBK
999 _c45000
_d45000